000 00504nam a2200181Ia 4500
005 20250923144256.0
008 008 250917s9999 xx 000 0 eng d
037 _aTextual
040 _aDSWL
_beng
_cDSWL
041 _aeng
_2eng
084 _aY1:5, H8
_qDSWL
100 _aSmith, T.Lynn
_9823132
245 0 _aPopulation analysis
_cby T.Lynn Smith
260 _aNew York
_b MacGraw-Hill
_c1948
300 _a421 p.
942 _cTEXL
_hY1:5, H8
999 _c1436906
_d1436906